Nghiên cứu một số mầm bệnh vi khuẩn gây bệnh trên cá Thát lát Còm (Chitala chitala Hamilton, 1822) : Luận văn Thạc sĩ. Ngành Nuôi trồng Thủy sản
Luận văn nghiên cứu và xác định một số mầm bệnh vi khuẩn gây bệnh trên cá Thát lát Còm, từ đó làm cơ sở đề xuất các biện pháp phòng trị bệnh trên cá một cách có hiệu quả.
Guardado en:
| Autor principal: | |
|---|---|
| Formato: | Libro |
| Lenguaje: | Undetermined |
| Publicado: |
Cần Thơ
Trường Đại học Cần Thơ
2013
|
| Materias: | |
| Etiquetas: |
Agregar Etiqueta
Sin Etiquetas, Sea el primero en etiquetar este registro!
|
| Thư viện lưu trữ: | Trung tâm Học liệu Trường Đại học Cần Thơ |
|---|
| LEADER | 01174nam a2200217Ia 4500 | ||
|---|---|---|---|
| 001 | CTU_186146 | ||
| 008 | 210402s9999 xx 000 0 und d | ||
| 082 | |a 639.31 | ||
| 082 | |b H121 | ||
| 088 | |a 606270 | ||
| 100 | |a Trần, Thị Mỹ Hân | ||
| 245 | 0 | |a Nghiên cứu một số mầm bệnh vi khuẩn gây bệnh trên cá Thát lát Còm (Chitala chitala Hamilton, 1822) : | |
| 245 | 0 | |b Luận văn Thạc sĩ. Ngành Nuôi trồng Thủy sản | |
| 245 | 0 | |c Trần Thị Mỹ Hân ; Từ Thanh Dung (người hướng dẫn) | |
| 260 | |a Cần Thơ | ||
| 260 | |b Trường Đại học Cần Thơ | ||
| 260 | |c 2013 | ||
| 520 | |a Luận văn nghiên cứu và xác định một số mầm bệnh vi khuẩn gây bệnh trên cá Thát lát Còm, từ đó làm cơ sở đề xuất các biện pháp phòng trị bệnh trên cá một cách có hiệu quả. | ||
| 650 | |a Freshwater fishes,Cá nuớc ngọt | ||
| 904 | |i Nguyễn Thị Thảo Trinh, Lê Thị Cẩm Giang, Trúc | ||
| 980 | |a Trung tâm Học liệu Trường Đại học Cần Thơ | ||